[Event "ChBLRU20w"]
[Site "?"]
[Date "2010.04.17"]
[Round "3"]
[White "Homiakova, Ekaterina"]
[Black "Scherbakova, Alisa"]
[Result "1-0"]
[WhiteElo "2138"]
[BlackElo "2011"]
[PlyCount "51"]
[EventDate "2010.04.16"]
[SourceDate "2010.04.16"]

1. e4 e6 2. d4 d5 3. Nd2 c5 4. exd5 Qxd5 5. Ngf3 cxd4 6. Bc4 Qd6 7. O-O Nf6 8.
Nb3 Nc6 9. Nbxd4 Nxd4 10. Nxd4 a6 11. Re1 Qc7 12. Bb3 Bd6 13. Nf5 Bxh2+ 14. Kh1
O-O 15. Nxg7 Rd8 16. Qf3 Kxg7 17. Bh6+ Kg6 18. c3 Nd5 19. Re4 f5 20. Rh4 Nf6
21. Rxh2 Ng4 22. Rh4 Qe7 23. Qg3 Qd6 24. Bf4 Qc5 25. f3 Rd3 26. Bc2 1-0

[Event "ChBLRU20w"]
[Site "?"]
[Date "2010.04.17"]
[Round "3"]
[White "Kaliadzich, Maryia"]
[Black "Homiakova, Elena"]
[Result "0-1"]
[WhiteElo "1864"]
[BlackElo "2154"]
[PlyCount "134"]
[EventDate "2010.04.16"]
[SourceDate "2010.04.16"]

1. e4 c5 2. Nf3 Nc6 3. d4 cxd4 4. Nxd4 g6 5. c4 Nf6 6. Nc3 d6 7. Be2 Nxd4 8.
Qxd4 Bg7 9. Be3 O-O 10. Qd2 Be6 11. Rc1 a5 12. b3 Nd7 13. O-O Nc5 14. f3 Qb6
15. Rfd1 Rfc8 16. Bd3 Qb4 17. Bb1 a4 18. Nxa4 Qxd2 19. Rxd2 Nxa4 20. bxa4 Rxc4
21. Rxc4 Bxc4 22. Bd3 Rxa4 23. Bxc4 Rxc4 24. Rd5 Rc3 25. Bg5 f6 26. Bd2 Rc5 27.
a4 Rxd5 28. exd5 Kf7 29. Kf2 e6 30. dxe6+ Kxe6 31. Ke2 Kd5 32. Kd3 f5 33. Be3
Be5 34. h3 Bb2 35. Bf2 Ba3 36. Bd4 Bb4 37. Be3 Bc5 38. Bf4 Bf2 39. Bd2 Kc5 40.
Bc3 d5 41. Ba5 d4 42. Bd2 b6 43. a5 b5 44. Bb4+ Kc6 45. Bd2 Kb7 46. Bb4 Ka6 47.
Bd2 Be3 48. Bb4 Bf4 49. Kxd4 Bc7 50. Kd3 Bxa5 51. Bd6 Kb6 52. Kc2 Kc6 53. Be7
Kd5 54. Bf6 Kc4 55. g4 Bb6 56. gxf5 gxf5 57. Be5 Bd4 58. Bf4 b4 59. Bh6 Bc3 60.
h4 b3+ 61. Kb1 Kd3 62. h5 Ke2 63. f4 Kf3 64. Kc1 Kg4 65. Kd1 Kxh5 66. Bf8 Kg4
67. Bd6 h5 0-1

[Event "ChBLRU20w"]
[Site "?"]
[Date "2010.04.17"]
[Round "3"]
[White "Ziaziulkina, Nastassia"]
[Black "Morgaenko, Ekaterina"]
[Result "1-0"]
[WhiteElo "2188"]
[BlackElo "1859"]
[PlyCount "69"]
[EventDate "2010.04.16"]
[SourceDate "2010.04.16"]

1. e4 c6 2. d4 d5 3. Nc3 dxe4 4. Nxe4 Bf5 5. Ng3 Bg6 6. h4 h6 7. Nf3 Nd7 8. h5
Bh7 9. Bd3 Bxd3 10. Qxd3 Qc7 11. Bd2 e6 12. O-O-O O-O-O 13. Ne4 Ngf6 14. g3
Nxe4 15. Qxe4 Nf6 16. Qe2 Bd6 17. c4 c5 18. Bc3 Rhe8 19. Kb1 Qe7 20. Ne5 Kb8
21. f4 Nh7 22. Rd3 Nf8 23. Rhd1 f6 24. Ng6 Nxg6 25. hxg6 Qc7 26. R1d2 cxd4 27.
Rxd4 Qe7 28. Qd1 Bc7 29. Rd7 Qf8 30. Bb4 Qg8 31. Be7 Rc8 32. Qb3 b6 33. Qf3 e5
34. Qc6 exf4 35. gxf4 1-0

[Event "ChBLRU20w"]
[Site "?"]
[Date "2010.04.17"]
[Round "3"]
[White "Stetsko, Lanita"]
[Black "Bogdan, Ekaterina"]
[Result "1/2-1/2"]
[WhiteElo "2112"]
[BlackElo "1979"]
[PlyCount "64"]
[EventDate "2010.04.16"]
[SourceDate "2010.04.16"]

1. c4 Nf6 2. Nc3 g6 3. g3 Bg7 4. Bg2 d6 5. Nf3 O-O 6. O-O a6 7. d3 e5 8. Rb1 h6
9. b4 Be6 10. Nd2 c6 11. a4 d5 12. cxd5 cxd5 13. Nb3 d4 14. Ne4 Nxe4 15. Bxe4
Bd5 16. Bxd5 Qxd5 17. Na5 b5 18. Bd2 Nd7 19. axb5 axb5 20. Rc1 Rfc8 21. Rxc8+
Rxc8 22. Qb1 Nb6 23. Rc1 Qd7 24. Rc5 Na4 25. Rxc8+ Qxc8 26. Nb3 Bf8 27. Nc1 Nc3
28. Qb3 Qc6 29. e4 Qe6 30. Qb2 Qc8 31. Kg2 h5 32. h3 Kh7 1/2-1/2

[Event "ChBLRU20w"]
[Site "?"]
[Date "2010.04.17"]
[Round "3"]
[White "Revo, Tatiana"]
[Black "Nevioselaya, Maria"]
[Result "1/2-1/2"]
[WhiteElo "1973"]
[BlackElo "1910"]
[PlyCount "104"]
[EventDate "2010.04.16"]
[SourceDate "2010.04.16"]

1. e4 c6 2. c4 d5 3. exd5 cxd5 4. cxd5 Qxd5 5. Nc3 Qd8 6. d4 e6 7. g3 Nf6 8.
Bg2 Nbd7 9. Nge2 Be7 10. O-O O-O 11. d5 exd5 12. Nxd5 Nxd5 13. Qxd5 Nf6 14.
Qxd8 Rxd8 15. Nc3 Bb4 16. Bf4 Bxc3 17. bxc3 Nd5 18. Be5 f6 19. Bd4 Be6 20. Rab1
Rd7 21. Rfe1 Kf7 22. Re2 Nb6 23. h4 Nd5 24. Reb2 b6 25. c4 Nc7 26. Bxa8 Nxa8
27. Be3 Bxc4 28. a4 Nc7 29. Rc1 Be6 30. a5 bxa5 31. Ra1 a6 32. Rxa5 Bc4 33. Rb7
Ke6 34. Ra7 Bb5 35. Bf4 Nd5 36. Rxd7 Kxd7 37. f3 Nb6 38. Ra1 Kc6 39. Re1 Nd5
40. Bd2 Kc5 41. Kf2 h5 42. g4 g6 43. Re6 hxg4 44. fxg4 Bd7 45. Rxa6 Bxg4 46.
Be3+ Kb5 47. Rd6 Nxe3 48. Kxe3 g5 49. Rd4 Bh5 50. Rd8 Bg4 51. Rg8 Bd1 52. Kd2
Bf3 1/2-1/2

[Event "ChBLRU20w"]
[Site "?"]
[Date "2010.04.18"]
[Round "4"]
[White "Homiakova, Ekaterina"]
[Black "Kaliadzich, Maryia"]
[Result "1-0"]
[WhiteElo "2138"]
[BlackElo "1864"]
[PlyCount "95"]
[EventDate "2010.04.16"]
[SourceDate "2010.04.16"]

1. e4 c6 2. d4 d5 3. Nc3 dxe4 4. Nxe4 Bf5 5. Ng3 Bg6 6. h4 h6 7. Nf3 Nd7 8. h5
Bh7 9. Bd3 Bxd3 10. Qxd3 e6 11. Bd2 Qc7 12. O-O-O Ngf6 13. Kb1 O-O-O 14. c4 c5
15. Qe2 cxd4 16. Nxd4 a6 17. Nb3 Bd6 18. c5 Bxg3 19. Ba5 Qe5 20. Qc2 Qe4 21.
Bxd8 Qxc2+ 22. Kxc2 Rxd8 23. fxg3 Ne4 24. Rhf1 f6 25. Rfe1 Nexc5 26. Nxc5 Nxc5
27. Rxd8+ Kxd8 28. b4 Nd7 29. Rxe6 Ne5 30. Rd6+ Kc7 31. Rd4 Kc8 32. Kd2 Kc7 33.
Ke3 Nf7 34. Rg4 Ng5 35. Kf4 Kd6 36. Kf5 Ke7 37. Kg6 Kf8 38. Rc4 Ne6 39. Rc8+
Ke7 40. Rb8 b5 41. Rb7+ Kf8 42. Rb6 Nc7 43. Rb8+ Ne8 44. g4 Ke7 45. Rxe8+ Kxe8
46. Kxg7 Ke7 47. Kxh6 Kf7 48. g5 1-0

[Event "ChBLRU20w"]
[Site "?"]
[Date "2010.04.18"]
[Round "4"]
[White "Morgaenko, Ekaterina"]
[Black "Stetsko, Lanita"]
[Result "0-1"]
[WhiteElo "1859"]
[BlackElo "2112"]
[PlyCount "106"]
[EventDate "2010.04.16"]
[SourceDate "2010.04.16"]

1. d4 g6 2. c4 Bg7 3. Nc3 c5 4. d5 d6 5. e4 e6 6. Nf3 exd5 7. exd5 Bg4 8. Be2
Ne7 9. O-O O-O 10. h3 Bxf3 11. Bxf3 Nd7 12. Qb3 b6 13. g3 Nf5 14. Ne2 Re8 15.
Bd2 Qf6 16. Rab1 Re7 17. Bc3 Nd4 18. Nxd4 cxd4 19. Bd2 Ne5 20. Bg2 Rc7 21. f4
Nxc4 22. Qd3 Rac8 23. Be4 Re8 24. Rfe1 Rce7 25. Qxc4 Rxe4 26. Rxe4 Rxe4 27.
Qc8+ Bf8 28. Re1 Rxe1+ 29. Bxe1 Qe7 30. Bf2 d3 31. Qc3 Qe2 32. Be1 h6 33. Qd2
Qe4 34. b3 Bg7 35. Bf2 Qxd5 36. Be3 Qe4 37. Bf2 Bd4 38. Bxd4 Qxd4+ 39. Kf1 Qd5
40. Kf2 Qc5+ 41. Kf1 Qc2 42. Ke1 Kg7 43. Qxc2 dxc2 44. Kd2 Kf6 45. Kxc2 Ke6 46.
Kd3 Kd5 47. a3 a5 48. g4 f5 49. gxf5 gxf5 50. h4 h5 51. Ke3 a4 52. bxa4 Kc4 53.
Kd2 d5 0-1

[Event "ChBLRU20w"]
[Site "?"]
[Date "2010.04.18"]
[Round "4"]
[White "Homiakova, Elena"]
[Black "Ziaziulkina, Nastassia"]
[Result "0-1"]
[WhiteElo "2154"]
[BlackElo "2188"]
[PlyCount "60"]
[EventDate "2010.04.16"]
[SourceDate "2010.04.16"]

1. e4 c5 2. Nf3 d6 3. d4 cxd4 4. Nxd4 Nf6 5. Nc3 a6 6. Bg5 Nbd7 7. Bc4 h6 8.
Bxf6 Nxf6 9. Qe2 e6 10. O-O-O Qc7 11. Bb3 b5 12. Rhe1 Be7 13. f4 b4 14. Nb1 O-O
15. g4 Nd7 16. g5 hxg5 17. Nxe6 fxe6 18. Bxe6+ Rf7 19. Bxf7+ Kxf7 20. Qh5+ Kg8
21. fxg5 Nf8 22. Rf1 Be6 23. Rd2 Qc5 24. h4 Rc8 25. Qf3 Ng6 26. b3 Nxh4 27. Qd3
Bxg5 28. Rh1 Ng6 29. e5 Qd5 30. Qxg6 Bxd2+ 0-1

[Event "ChBLRU20w"]
[Site "?"]
[Date "2010.04.18"]
[Round "4"]
[White "Scherbakova, Alisa"]
[Black "Nevioselaya, Maria"]
[Result "1/2-1/2"]
[WhiteElo "2011"]
[BlackElo "1910"]
[PlyCount "92"]
[EventDate "2010.04.16"]
[SourceDate "2010.04.16"]

1. e4 e6 2. d4 d5 3. exd5 exd5 4. Nf3 Nf6 5. Bg5 c6 6. Qe2+ Be6 7. Nbd2 Be7 8.
Ne5 Nbd7 9. f4 O-O 10. O-O-O Re8 11. h3 Bf5 12. g4 Be4 13. Rg1 Nxe5 14. dxe5
Nd7 15. Bxe7 Qxe7 16. Nxe4 dxe4 17. Qxe4 f6 18. Bd3 g6 19. Qc4+ Kh8 20. exf6
Nxf6 21. Qc3 Qg7 22. Bc4 Re7 23. Rd6 Ne4 24. Qxg7+ Kxg7 25. Re6 Rxe6 26. Bxe6
Nc5 27. Bc4 Re8 28. Rf1 b5 29. Bb3 Nxb3+ 30. axb3 Re3 31. Kd2 Rxh3 32. Ra1 Rf3
33. Rxa7+ Kf6 34. g5+ Kf5 35. Rf7+ Kg4 36. Rxh7 Rxf4 37. Rc7 Rd4+ 38. Ke3 Rd6
39. c4 bxc4 40. bxc4 Kxg5 41. b4 Kf5 42. b5 cxb5 43. Rc5+ Ke6 44. cxb5 Rd5 45.
Rc6+ Kd7 46. Rxg6 Rxb5 1/2-1/2

[Event "ChBLRU20w"]
[Site "?"]
[Date "2010.04.18"]
[Round "4"]
[White "Bogdan, Ekaterina"]
[Black "Revo, Tatiana"]
[Result "0-1"]
[WhiteElo "1979"]
[BlackElo "1973"]
[PlyCount "82"]
[EventDate "2010.04.16"]
[SourceDate "2010.04.16"]

1. e4 c5 2. Nf3 d6 3. Bc4 e6 4. O-O Nf6 5. Qe2 Be7 6. c3 O-O 7. Bb3 b5 8. d4
Bb7 9. Bc2 Qc7 10. Bf4 Nbd7 11. dxc5 Nxc5 12. Nbd2 a6 13. Rfd1 Rfd8 14. Rac1 e5
15. Bg5 Ne6 16. Bb3 Nc5 17. Bc2 Ne6 18. c4 b4 19. Nf1 Rac8 20. Bb1 Nc5 21. Ng3
h6 22. Bxf6 Bxf6 23. Nf5 Qc6 24. Nd2 Kh7 25. Ne3 Qb6 26. Ndf1 Ne6 27. Nd5 Nd4
28. Nxf6+ gxf6 29. Qh5 Qc7 30. Ne3 Rg8 31. Nd5 Qd8 32. Rxd4 Rg5 33. Qxf7+ Rg7
34. Qxf6 exd4 35. e5+ Kg8 36. Qe6+ Kf8 37. Nf4 Qg5 38. Qxd6+ Kg8 39. e6 Bxg2
40. Bg6 Bf3+ 41. Kf1 Rxg6 0-1

[Event "ChBLRU20w"]
[Site "?"]
[Date "2010.04.19"]
[Round "5"]
[White "Kaliadzich, Maryia"]
[Black "Scherbakova, Alisa"]
[Result "1/2-1/2"]
[WhiteElo "1864"]
[BlackElo "2011"]
[PlyCount "118"]
[EventDate "2010.04.16"]
[SourceDate "2010.04.16"]

1. e4 e6 2. d3 d5 3. Nd2 Nf6 4. Ngf3 b6 5. g3 Bb7 6. e5 Nfd7 7. Bg2 c5 8. O-O
Nc6 9. Re1 Qc7 10. Qe2 Be7 11. Nf1 h6 12. h4 O-O-O 13. c3 Ba6 14. a3 Rdg8 15.
h5 g6 16. g4 gxh5 17. gxh5 Rg7 18. Ng3 Qd8 19. b4 Bh4 20. Bf4 Bg5 21. Bd2 Ne7
22. Red1 Bxd2 23. Rxd2 Rhg8 24. Ne1 Qc7 25. bxc5 bxc5 26. Rb1 Qxe5 27. Qd1 f5
28. Qa4 Qd6 29. Ne2 Rg4 30. d4 Rh4 31. Nf3 Rhg4 32. Ne1 Qc6 33. Qa5 Re4 34. Kf1
Bxe2+ 35. Rxe2 Rxe2 36. Kxe2 a6 37. dxc5 f4 38. Kf1 Nf5 39. Nf3 d4 40. Nh4 Rxg2
41. Nxg2 Nh4 42. Nxh4 Qh1+ 43. Ke2 Qxb1 44. Qxa6+ Kd8 45. Qa8+ Kc7 46. cxd4
Qc2+ 47. Kf3 Qd1+ 48. Kxf4 Qxd4+ 49. Qe4 Qxf2+ 50. Nf3 Nxc5 51. Qd4 Qxd4+ 52.
Nxd4 Kd6 53. Nb5+ Kd5 54. Nc3+ Kc4 55. Ne2 Nd3+ 56. Ke4 e5 57. Ng3 Nf4 58. Kxe5
Nxh5 59. Nxh5 Kb3 1/2-1/2

[Event "ChBLRU20w"]
[Site "?"]
[Date "2010.04.19"]
[Round "5"]
[White "Ziaziulkina, Nastassia"]
[Black "Homiakova, Ekaterina"]
[Result "1-0"]
[WhiteElo "2188"]
[BlackElo "2138"]
[PlyCount "89"]
[EventDate "2010.04.16"]
[SourceDate "2010.04.16"]

1. e4 e5 2. Nf3 Nc6 3. Bb5 a6 4. Ba4 Nf6 5. O-O Be7 6. Re1 b5 7. Bb3 d6 8. c3
O-O 9. d4 Bg4 10. d5 Na5 11. Bc2 c6 12. h3 Bc8 13. dxc6 Qc7 14. Nbd2 Be6 15.
Ng5 Rad8 16. Nxe6 fxe6 17. Nf3 Nxc6 18. Qe2 Rde8 19. Ng5 Bd8 20. a4 b4 21. Qxa6
d5 22. Bd2 bxc3 23. Bxc3 d4 24. Bd2 h6 25. Nf3 Nd7 26. b4 Rxf3 27. gxf3 d3 28.
Qxd3 Nd4 29. Bd1 Bg5 30. Bc3 Qd6 31. a5 Rf8 32. Kh1 Bh4 33. Rf1 Qe7 34. Be1 Bg5
35. Rg1 Bf4 36. Qf1 Bg5 37. Qg2 Nf6 38. a6 Nh5 39. Bc3 Nf4 40. Qf1 Qf7 41. Bxd4
exd4 42. b5 Qh5 43. Kh2 Bf6 44. a7 Be5 45. Rg3 1-0

[Event "ChBLRU20w"]
[Site "?"]
[Date "2010.04.19"]
[Round "5"]
[White "Revo, Tatiana"]
[Black "Morgaenko, Ekaterina"]
[Result "0-1"]
[WhiteElo "1973"]
[BlackElo "1859"]
[PlyCount "54"]
[EventDate "2010.04.16"]
[SourceDate "2010.04.16"]

1. e4 c6 2. c4 d5 3. exd5 cxd5 4. cxd5 a6 5. Qa4+ Bd7 6. Qb3 Qc7 7. Nc3 Nf6 8.
a4 e6 9. Bc4 exd5 10. Nxd5 Nxd5 11. Bxd5 Bc6 12. Ne2 Bd6 13. h3 Qe7 14. O-O
Qxe2 15. Bxc6+ Nxc6 16. Qxb7 O-O 17. Qxc6 Bh2+ 18. Kxh2 Qxf1 19. g3 Qxf2+ 20.
Qg2 Qe1 21. Qg1 Rfe8 22. b3 Re2+ 23. Kh1 Rc8 24. Ba3 Qxd2 25. Rd1 Rh2+ 26. Qxh2
Qxd1+ 27. Qg1 Qxb3 0-1

[Event "ChBLRU20w"]
[Site "?"]
[Date "2010.04.19"]
[Round "5"]
[White "Nevioselaya, Maria"]
[Black "Bogdan, eKATERINA"]
[Result "1-0"]
[WhiteElo "1910"]
[BlackElo "1979"]
[PlyCount "81"]
[EventDate "2010.04.16"]
[SourceDate "2010.04.16"]

1. e4 d6 2. d4 Nf6 3. Nc3 g6 4. g3 Bg7 5. Bg2 O-O 6. Nge2 c6 7. a4 Nbd7 8. O-O
e5 9. h3 Re8 10. Be3 Qc7 11. Qd2 exd4 12. Bxd4 Nc5 13. e5 Nfd7 14. exd6 Qxd6
15. Rad1 Nf6 16. Be3 Qxd2 17. Rxd2 Na6 18. Rfd1 Bf5 19. g4 Be6 20. Nf4 Nb4 21.
g5 Nfd5 22. Nfxd5 Nxd5 23. Nxd5 Bxd5 24. Bxd5 cxd5 25. Rxd5 Bxb2 26. Rb5 Bc3
27. Rxb7 Re4 28. Rdd7 Rxa4 29. Rxf7 Rh4 30. Kg2 a5 31. f4 a4 32. Ra7 Re8 33.
Rfe7 Rxe7 34. Rxe7 a3 35. Ra7 Bb2 36. c4 Kf8 37. Kg3 Rh5 38. c5 Ke8 39. c6 h6
40. Ra8+ Ke7 41. c7 1-0

[Event "ChBLRU20w"]
[Site "?"]
[Date "2010.04.19"]
[Round "5"]
[White "Stetsko, Lanita"]
[Black "Homiakova, Elena"]
[Result "0-1"]
[WhiteElo "2112"]
[BlackElo "2154"]
[PlyCount "82"]
[EventDate "2010.04.16"]
[SourceDate "2010.04.16"]

1. e4 c5 2. Nf3 Nc6 3. d4 cxd4 4. Nxd4 g6 5. c4 Nf6 6. Nc3 d6 7. Be2 Nxd4 8.
Qxd4 Bg7 9. Bg5 O-O 10. Qd2 Be6 11. Rc1 a5 12. f3 a4 13. O-O Nd7 14. Kh1 Re8
15. f4 Nc5 16. Bd3 Bd7 17. Bb1 Bc6 18. Rce1 Qa5 19. f5 Nd7 20. Bh6 Ne5 21. Bxg7
Kxg7 22. Qf4 f6 23. Ne2 Nxc4 24. Nd4 Bd7 25. Qg3 Ne5 26. Rf4 Rac8 27. fxg6 hxg6
28. Nf5+ Bxf5 29. exf5 g5 30. Rfe4 Qd2 31. R4e2 Qd4 32. Be4 Rc7 33. h3 Rec8 34.
Kh2 b5 35. Bf3 Rc2 36. Re4 Qxb2 37. h4 Qc3 38. R1e3 Qa1 39. hxg5 Rh8+ 40. Rh4
Rc1 41. gxf6+ Kxf6 0-1

[Event "ChBLRU20w"]
[Site "?"]
[Date "2010.04.20"]
[Round "6"]
[White "Scherbakova, Alisa"]
[Black "Bogdan, Ekaterina"]
[Result "0-1"]
[WhiteElo "2011"]
[BlackElo "1979"]
[PlyCount "92"]
[EventDate "2010.04.16"]
[SourceDate "2010.04.16"]

1. e4 c5 2. Nf3 e6 3. d4 cxd4 4. Nxd4 Nf6 5. Nc3 Bb4 6. f3 O-O 7. Bd2 Nc6 8.
Nb3 d5 9. Bd3 Ne5 10. Qe2 a6 11. f4 Nxd3+ 12. cxd3 dxe4 13. dxe4 b5 14. a3 Be7
15. e5 Nd5 16. Ne4 Bb7 17. Na5 Qb6 18. Nxb7 Qxb7 19. O-O Rfc8 20. Rac1 Nb6 21.
Bc3 Rc4 22. Nd2 Rc6 23. Qg4 Nd5 24. Rf3 Qb6+ 25. Kh1 a5 26. f5 Ne3 27. Qf4 Nxf5
28. g4 Nh6 29. Rcf1 b4 30. Bd4 Qd8 31. Ne4 Rc4 32. Nd6 Bxd6 33. exd6 f6 34. Qe4
Nf7 35. b3 Ng5 36. Qe3 Rxd4 37. Qxd4 Nxf3 38. Rxf3 bxa3 39. Rd3 Qd7 40. Qa1
Qc6+ 41. Kg1 Qc5+ 42. Kf1 Rd8 43. d7 Qb5 44. Qd4 a2 45. Ke2 Rxd7 46. Qxd7 Qxd7
0-1

[Event "ChBLRU20w"]
[Site "?"]
[Date "2010.04.20"]
[Round "6"]
[White "Morgaenko, Ekaterina"]
[Black "Nevioselaya, Maria"]
[Result "1/2-1/2"]
[WhiteElo "1859"]
[BlackElo "1910"]
[PlyCount "90"]
[EventDate "2010.04.16"]
[SourceDate "2010.04.16"]

1. e4 c6 2. c4 d5 3. cxd5 cxd5 4. exd5 Qxd5 5. Nc3 Qd8 6. Qb3 Nf6 7. Bc4 e6 8.
Nf3 Be7 9. O-O O-O 10. d4 Nc6 11. Qd1 Nb4 12. Re1 Nbd5 13. Qb3 Nb6 14. Bd3 Bd7
15. Be3 Bc6 16. Ne5 Bd5 17. Nxd5 Nfxd5 18. Qd1 Rc8 19. Qh5 Nf6 20. Qh4 Nbd5 21.
Bg5 g6 22. Bc4 Nh5 23. Bxe7 Qxe7 24. Qxe7 Nxe7 25. Rac1 Rcd8 26. Red1 Nf6 27.
Bb3 Nfd5 28. Ng4 Rd7 29. Ne5 Rdd8 30. Ng4 Rd6 31. Ne5 f6 32. Nc4 Rd7 33. g3
Rfd8 34. Re1 Kf7 35. Ne3 Nc6 36. Nxd5 exd5 37. Rcd1 Re7 38. Rxe7+ Kxe7 39. f3
Kd6 40. Kf2 Na5 41. Bc2 Rc8 42. Bb1 Re8 43. b3 Nc6 44. Rd3 Re6 45. a3 a6
1/2-1/2

[Event "ChBLRU20w"]
[Site "?"]
[Date "2010.04.20"]
[Round "6"]
[White "Homiakova, Elena"]
[Black "Revo, Tatiana"]
[Result "1-0"]
[WhiteElo "2154"]
[BlackElo "1973"]
[PlyCount "59"]
[EventDate "2010.04.16"]
[SourceDate "2010.04.16"]

1. e4 c5 2. Nf3 d6 3. d4 cxd4 4. Nxd4 Nf6 5. Nc3 a6 6. Be2 e6 7. O-O Be7 8. a4
O-O 9. f4 Nc6 10. Kh1 Bd7 11. Nf3 e5 12. Bd3 Bg4 13. Qe1 exf4 14. Bxf4 Nh5 15.
Bd2 Ne5 16. Nxe5 dxe5 17. Be2 Bxe2 18. Qxe2 Nf6 19. Rad1 Qb6 20. Bg5 Qxb2 21.
Rf3 Rac8 22. Rb1 Qa3 23. Nd5 Qd6 24. Rb6 Qc5 25. Nxe7+ Qxe7 26. Rbxf6 h6 27.
Bxh6 gxh6 28. Rxh6 Kg7 29. Rg3+ Kxh6 30. Qg4 1-0

[Event "ChBLRU20w"]
[Site "?"]
[Date "2010.04.20"]
[Round "6"]
[White "Homiakova, Ekaterina"]
[Black "Stetsko, Lanita"]
[Result "1-0"]
[WhiteElo "2138"]
[BlackElo "2112"]
[PlyCount "73"]
[EventDate "2010.04.16"]
[SourceDate "2010.04.16"]

1. e4 e6 2. d4 d5 3. Nd2 a6 4. Ngf3 c5 5. exd5 exd5 6. dxc5 Bxc5 7. Nb3 Ba7 8.
Bd3 Qe7+ 9. Qe2 Qxe2+ 10. Bxe2 Nf6 11. O-O Nc6 12. Bg5 Ne4 13. Rad1 Be6 14. Bf4
O-O 15. Nbd4 Bg4 16. Be3 Na5 17. h3 Bxf3 18. Bxf3 Rfe8 19. Nf5 Nc4 20. Bxa7
Rxa7 21. Rxd5 Ned2 22. Rd1 Nxf3+ 23. gxf3 Nxb2 24. Rd8 Ra8 25. Rxa8 Rxa8 26.
Rb1 Nc4 27. Rxb7 g6 28. Nh6+ Kg7 29. Nxf7 Kf6 30. Nh6 Rd8 31. Ng4+ Kg5 32. Rxh7
Rd1+ 33. Kg2 Rd2 34. h4+ Kf5 35. Rf7+ Ke6 36. Rf6+ Kd7 37. Rxa6 1-0

[Event "ChBLRU20w"]
[Site "?"]
[Date "2010.04.20"]
[Round "6"]
[White "Kaliadzich, Maryia"]
[Black "Ziaziulkina, Nastassia"]
[Result "1/2-1/2"]
[WhiteElo "1864"]
[BlackElo "2188"]
[PlyCount "40"]
[EventDate "2010.04.16"]
[SourceDate "2010.04.16"]

1. c4 e5 2. Nc3 Nf6 3. e3 Bb4 4. d4 exd4 5. exd4 O-O 6. Bd3 d5 7. Nge2 dxc4 8.
Bxc4 h6 9. O-O Nbd7 10. Bf4 Nb6 11. Bd3 c6 12. Bc2 Bd6 13. Qd3 Re8 14. Rfe1 Bg4
15. Bxd6 Qxd6 16. Ng3 g6 17. h3 Be6 18. Nce4 Nxe4 19. Nxe4 Qd8 20. Qd2 Bf5
1/2-1/2